00820nam a2200205 i 450000100060000000300090000600500170001500700030003200800410003504000130007610000380008924501510012726000380027830000440031653000340036061000290039465500300042385200270045385601340048021584ES-MaACL20250825062641.0t|021126s1918 gw f |||| | ger d cES-MaACL1 aReber, Franz von,d1834-1919eaut10aAlbum der Alten Pinakothek zu München :bfünfzig Farbendrucke mit begle intenden texten und einer historischen Einleitung / cvon Franz Reber. aLeipzig : bE.A. Seemann, c1918. a55 hojas, 50 láminas color ; c33 cm. aDisponible en formato digital24aAlte Pinakothek (Munich) 72tgfbneaLibros ilustrados aES-MaACLcSPBjB-120164 uhttps://bvpb.mcu.es/es/consulta/registro.do?id=577725yVersión en línea z(Biblioteca Virtual del Patrimonio Bibliográfico)